000 00391nam a2200133Ia 4500
008 211109s9999||||xx |||||||||||||| ||und||
082 _a894.8123
_bVAR-K
100 _aVarkey, Ponkunnam
245 0 _aKadha
260 _bSahithya Pravarthaka...
_aKottayam
_c1998
630 _xGeneral stack
650 _aLiterature & rhetoric
_vmalayalam literature
_xmalayalam storiesMalayalam
942 _cBOOK
999 _c54924
_d54924